[Event "Berlin-ch Seniors op 32nd"]
[Site "Berlin"]
[Date "2016.02.04"]
[Round "9"]
[White "Matzkowiak, Roman"]
[Black "Hamel, Jochen"]
[Result "1-0"]
[WhiteElo "1782"]
[BlackElo "1706"]
[PlyCount "51"]
[EventDate "2016.01.26"]
[EventType "swiss"]
[EventRounds "9"]
[EventCountry "GER"]
[SourceTitle "EXT 2019"]
[Source "ChessBase"]
[SourceDate "2018.10.10"]
[SourceVersion "1"]
[SourceVersionDate "2018.10.10"]
[SourceQuality "1"]

1. d4 Nf6 2. Nf3 g6 3. g3 Bg7 4. Bg2 0-0 5. c4 d6 6. 0-0 Nbd7 7. Nc3 c6 8. h3 Re8 9. d5 Nc5 10. Be3 cxd5 11. cxd5 Nce4 12. Nxe4 Nxe4 13. Nd4 Nc5 14. b4 Nd7 15. Rc1 Nf8 16. Nb5 Bd7 17. Nc7 Rc8 18. Nxe8 Qxe8 19. Rxc8 Qxc8 20. h4 Qc4 21. Qd2 Bc3 22. Qc2 Qxb4 23. Rb1 Qa5 24. Rxb7 Bf5 25. Qb3 Nd7 26. Rxa7 1-0

[Event "Berlin-ch Seniors op 32nd"]
[Site "Berlin"]
[Date "2016.01.30"]
[Round "5"]
[White "Koerlin, Hans Juergen"]
[Black "Hamel, Jochen"]
[Result "1-0"]
[WhiteElo "1882"]
[BlackElo "1706"]
[PlyCount "79"]
[EventDate "2016.01.26"]
[EventType "swiss"]
[EventRounds "9"]
[EventCountry "GER"]
[SourceTitle "EXT 2019"]
[Source "ChessBase"]
[SourceDate "2018.10.10"]
[SourceVersion "1"]
[SourceVersionDate "2018.10.10"]
[SourceQuality "1"]

1. e4 d6 2. d4 Nf6 3. Nc3 g6 4. Bg5 Bg7 5. f4 c6 6. Nf3 Nbd7 7. Bd3 b5 8. a3 Nb6 9. 0-0 0-0 10. Qe1 h6 11. Bh4 Be6 12. Kh1 Bc4 13. Rd1 Qd7 14. e5 Bxd3 15. Rxd3 Nfd5 16. Nd2 Nxc3 17. bxc3 Nd5 18. Rg3 dxe5 19. dxe5 Qf5 20. Qe4 Qxe4 21. Nxe4 Kh7 22. Rh3 Rae8 23. g4 f5 24. gxf5 Rxf5 25. Bg5 h5 26. Rhf3 Ref8 27. Ng3 Rxg5 28. fxg5 Rxf3 29. Rxf3 Bxe5 30. Ne2 Kg7 31. Nd4 Bxd4 32. cxd4 a5 33. Kg2 b4 34. Kf2 Nc3 35. axb4 axb4 36. Ke3 Nd5+ 37. Ke4 Nc3+ 38. Ke5 Nd5 39. Ke6 Kg8 40. Kd7 1-0

[Event "Berlin-ch Seniors op 32nd"]
[Site "Berlin"]
[Date "2016.01.27"]
[Round "2"]
[White "Hamel, Jochen"]
[Black "Gnass, Erhard"]
[Result "1-0"]
[WhiteElo "1706"]
[BlackElo "1539"]
[PlyCount "109"]
[EventDate "2016.01.26"]
[EventType "swiss"]
[EventRounds "9"]
[EventCountry "GER"]
[SourceTitle "EXT 2019"]
[Source "ChessBase"]
[SourceDate "2018.10.10"]
[SourceVersion "1"]
[SourceVersionDate "2018.10.10"]
[SourceQuality "1"]

1. Nf3 d5 2. d4 Nf6 3. Bf4 g6 4. e3 Bg7 5. c4 c6 6. h3 0-0 7. Nc3 Nbd7 8. Be2 e6 9. Bd6 Re8 10. c5 Ne4 11. Nxe4 dxe4 12. Nd2 Nf6 13. Qc2 Bf8 14. Bxf8 Rxf8 15. Nxe4 Nxe4 16. Qxe4 Qa5+ 17. Kd1 Bd7 18. a3 Rab8 19. b4 Qc7 20. f4 a5 21. Kd2 axb4 22. axb4 b5 23. Ra5 Qb7 24. Rha1 Ra8 25. Qc2 Rxa5 26. Rxa5 f6 27. Qa2 Qc8 28. Ra7 Be8 29. Qa6 Qd8 30. Kc3 Qd5 31. Bf1 Qe4 32. Kd2 Qb1 33. Qa1 Qe4 34. Qc3 Qd5 35. Qd3 Qd8 36. g4 Bf7 37. Bg2 Be8 38. Qa3 e5 39. Qa5 Qc8 40. Qc7 Bf7 41. Bxc6 exf4 42. Qxc8 fxe3+ 43. Kxe3 Rxc8 44. Ra8 Rxa8 45. Bxa8 Bc4 46. Bg2 Kf8 47. d5 Ke7 48. Kf4 g5+ 49. Ke4 Bb3 50. Bf1 Bc2+ 51. Bd3 Ba4 52. Kf5 Bb3 53. d6+ Kf7 54. Ke4 Ke6 55. Kd4 1-0